00000000nam##2200000za#4500
0019.594685
003CaOODSP
00520240206145612
007cr |||||||||||
008150406|2004||||xxc|||||o    f|0| 0 fre|d
040 |aCaOODSP|bfre
043 |an-cn---
0861 |aTU3-6/03-2F-PDF
1102 |aBureau de la sécurité des transports du Canada.
24510|aCollision dans un triage mettant en cause le wagon-citerne prox 77811 exploité par le Canadien national au point milliaire 25,0 de la subdivision York à Toronto (Ontario) le 22 janvier 2003 |h[ressource électronique]
260 |aOttawa - Ontario : |bBureau de la sécurité des transports du Canada |c2004.
300 |a16p.|bcartes en couleur, ill., références, photographies
4901 |aRapport d'enquête sur un accident ferroviaire |vR03T0047
590 |a07-04-Supp|b2007-06-29
69107|aAccident ferroviaire|2gcpds
77508|tYard collision - Canadian National tank car prox 77811, Mile 25.0, York subdivision, Toronto, Ontario 22 January 2003 |w(CaOODSP)9.562146
830#0|aRapport d'enquête sur un accident ferroviaire ;|vR03T0047|w(CaOODSP)9.501252
85640|ahttp://publications.gc.ca|qPDF|s317 Ko|uhttps://publications.gc.ca/collections/collection_2007/tsb-bst/TU3-6-03-2F.pdf|yR03T0047